| 000 | 00817cam a2200229Ia 4500 | ||
|---|---|---|---|
| 020 | _a285629054X | ||
| 040 | _cABC | ||
| 082 | _a510 SOC 1996 A026 Or. | ||
| 100 | 1 | _aHida, Haruzo | |
| 245 | 1 | 0 | _aOn the search of genuine p-adic modular L-funtions for GL(n) / |
| 246 | 3 | 0 | _ap-adic modular L-funtions for GL(n) |
| 246 | 3 | 3 | _aGenuine p-adic modular L-funtions |
| 260 |
_a[Paris, France] : _bSoci©♭t©♭ math©♭matique de France, _c1996 |
||
| 300 |
_a110 p. ; _c24 cm |
||
| 490 | 1 | _aM©♭moires de la Soci©♭t©♭ math©♭matique de France ; | |
| 500 | _aCover title | ||
| 500 | _aIncludes abstract in French | ||
| 500 | _a"Suppl©♭ment au Bulletin de la Soci©♭t©♭ math©♭matique de France ; tome 124, fascicule 4." | ||
| 650 | 0 | _aL-functions | |
| 650 | 0 | _ap-adic analysis | |
| 942 | _cEK | ||
| 999 |
_c13238 _d13238 |
||